RPDR Contestants Season 1 to 8 - Statistics

General Stats
  • This quiz has been taken 81 times
  • The average score is 42 of 100
Answer Stats
Hint Answer % Correct
Bebe Zahara Benet
86%
Raja
84%
Jujubee
82%
Raven
82%
Tyra Sanchez
75%
Nina Flowers
73%
Sharon Needles
73%
Alaska Thunderfuck 5000
71%
Bob the Drag Queen
71%
Season 1 Victoria Porkchop Parker
71%
Manila Luzon
69%
Season 2 Shangela
69%
Jade Sotomayor
67%
Ongina
67%
Morgan McMichaels
65%
Chad Michaels
63%
Katya Zamolodchikova
63%
Bianca Del Rio
61%
Alexis Mateo
59%
Detox Icunt
59%
Kim Chi
59%
Tatianna
59%
Alyssa Edwards
57%
Latrice Royale
57%
Rebecca Glasscock
57%
Roxxxy Andrews
57%
Shannel
57%
Adore Delano
55%
Phi Phi O'Hara
55%
Yara Sofia
55%
Jinkx Monsoon
53%
Mimi Imfurst
53%
Sahara Davenport
53%
Tammie Brown
51%
Pandora Boxx
49%
Sonique
49%
Violet Chachki
49%
Coco Montrese
47%
Ginger Minj
47%
Trixie Mattel
47%
Akashia
45%
Courtney Act
45%
Delta Work
45%
Naomi Smalls
45%
Carmen Carrera
43%
Thorgy Thor
43%
BenDeLaCreme
41%
Kennedy Davenport
41%
Pearl
41%
Season 3 Venus DLite
39%
Acid Betty
37%
Chi Chi DeVayne
37%
Ivy Winters
35%
Jiggly Caliente
35%
Phoenix
35%
Willam Belli
35%
Darienne Lake
33%
India Ferrah
33%
Jade Jolie
33%
Jessica Wild
33%
Milk
33%
Mystique Summers Madison
33%
Robbie Turner
33%
The Princess
33%
Gia Gunn
31%
Season 6 Kelly Mantle
31%
Kenya Michaels
31%
Laganja Estranja
31%
Trinity K Bonet
31%
Dida Ritz
29%
Magnolia Crawford
29%
Max Malanphy
29%
Nicole Paige Brooks
29%
Madame LaQueer
27%
Derrick Barry
25%
Joslyn Fox
25%
Season 4 Alisa Summers
24%
Lineysha Sparx
24%
Mariah Paris Balenciaga
24%
Miss Fame
24%
Season 5 Penny Tration
24%
Serena ChaCha
24%
Cynthia Lee Fontaine
22%
Dax ExclamationPoint
22%
Season 8 Laila McQueen
22%
Naysha Lopez
22%
Vivacious
22%
April Carrion
20%
Milan
20%
Stacy Layne Matthews
20%
Season 7 Tempest DuJour
20%
Honey Mahogany
18%
Jaidynn Diore Fierce
18%
Kandy Ho
18%
Lashauwn Beyond
18%
Sasha Belle
18%
Vivienne Pinay
18%
Monica Beverly Hillz
16%
Mrs Kasha Davis
16%
Jasmine Masters
12%
No matching quizzes found
Score Distribution
Percent of People with Each Score
Percentile by Number Answered
Your Score History
You have not taken this quiz